000 00523nam a2200193Ia 4500
005 20230628114218.0
008 131103s9999 xx 000 0 und d
040 _aLoreto College
041 _aEnglish
082 _a942.062
_bLIN
245 4 _aThe new cambridge modern history
_cedited by J.O.Lindsay
260 _aCambridge
_bUniversity Press
_c1957
300 _av.7 (xx,625 p.)
504 _aIncludes index
650 _aModern History - 1713 - 63
700 _aLindsay,J.O.,ed.
850 _aLCLIB
942 _cBK
999 _c8802
_d59281